Cosas de chicos 2 : actividades /

Guardado en:
Autor Principal: Abramovich, Néstor
Otros Autores: Martínez, Ángela
Formato: Libro
Publicado: Buenos Aires : Kapelusz, 1985.
Materias:
Etiquetas: Agregar Etiqueta
Sin Etiquetas, Sea el primero en etiquetar este registro!
LEADER 00762nam a22002415a 4500
001 CEM.cems012524
005 20070423180206.0
008 130507s1985##################000#0#####d
003 CEMS
020 |a 9501300676 
082 0 4 |a 372.41 
100 1 |a Abramovich, Néstor 
245 1 0 |a Cosas de chicos 2 :  |b actividades /  |c Néstor Abramovich ; ángela Martínez. 
260 |a Buenos Aires :  |b Kapelusz,  |c 1985. 
300 |a 80 p. 
500 |a Actividades del libro de lectura para 2º grado. 
653 |a Biblioteca maría de los Ángeles saggio 
653 |a Educación 
653 |a Educación primaria 
653 |a Lengua 
653 |a Lengua-2º egb. 
700 1 |a Martínez, Ángela 
859 |a CEMS  |b BIB. CEMS - 11 de abril  |h 372.41  |i Ab83  |p 23803.07  |t Ej.1  |v 2º  |3 2º